Statistics for Little House On the Prairie Cast

Click here to take the quiz!

General Stats

  • This quiz has been taken 65 times
  • The average score is 17 of 40

Answer Stats

HintAnswer% Correct
Laura IngallsMelissa Gilbert
100%
Charles IngallsMichael Landon
87%
Caroline IngallsKaren Grassle
85%
Mary IngallsMelissa Sue Anderson
83%
Nels OlesonRichard Bull
64%
Adam KendallLinwood Boomer
60%
Mr.EdwardsVictor French
55%
Reverend AldenDabbs Greer
53%
Almonzo WilderDean Butler
51%
Nellie OlesonAlison Arngrim
49%
James Cooper IngallsJason Bateman
49%
Harriet OlesonKatherine MacGregor
49%
Jonathon GarveyMerlin Olsen
49%
Etta Plum/ Kate/ Leslie/ Marge/PamLeslie Landon
45%
Alice GarveyHersha Parady
43%
Willy OlesonJonathan Gilbert
43%
Hiram BakerKevin Hagen
43%
Albert Quinn IngallsMatthew Labyorteaux
43%
Eliza jane WilderLucy lee Flippin
42%
Andrew GarveyPatrick Labyorteaux
42%
Hester Sue TerhuneKetty Lester
40%
John CarterStan Ivar
40%
Sarah Reed CarterPamela Roylance
36%
Nancy OlesonAllison Balson
34%
Cassandra Coopers IngallsMelissa Francis
34%
Jenny WilderShannen Doherty
34%
Percival Isaac Cohen DaltonSteve Tracy
34%
Grace Snider EdwardsBonnie Bartlett
30%
Lars HansonKarl Swenson
28%
Miss Eva Beadle SimmsCharlotte Stewart
26%
Carrie IngallsSidney/Rachel Greeenbush
26%
Jason CarterDavid Friedman
25%
Jeb CarterLindsay Kennedy
25%
Alicia Anderson edwardsKyle Richards
23%
John Anderson edwardsRadames Pera
23%
grace IngallsBrenda/ Wendi Turnbaugh
19%
Carl Anderson EdwardsBrian Part
17%
Hans DorflerJames Jeter
17%
Susan GoodspeedMichelle Downey
17%
Ebenezer SpragueTed Gehring
17%

Score Distribution

Percentile by Number Answered

Percent of People with Each Score

Your Score History

You have not taken this quiz